00196nam a2200073Ia 4500008004100000100001500041245003600056260003000092170817s9999 xx 000 0 und d aJayaswal.S 0aAdvanced educational Psychology bVinod Pustak Mandir Agara